Vida cotidiana y consumo de maíz en la huasteca veracruzana / (Record no. 58517)

MARC details
000 -CABECERA
campo de control de longitud fija 00662nam a2200217 a 4500
005 - FECHA Y HORA DE LA ÚLTIMA TRANSACCIÓN
campo de control 20240808063824.0
008 - ELEMENTOS DE LONGITUD FIJA--INFORMACIÓN GENERAL
campo de control de longitud fija 991125s1987 mx 000 0 spa u
020 ## - NÚMERO INTERNACIONAL NORMALIZADO PARA LIBROS
Número Internacional Estándar del Libro 9684961014
035 ## - NÚMERO DE CONTROL DEL SISTEMA
Número de control de sistema UPN01000058517
049 ## - COLECCIÓN
Colección SEP
050 #4 - SIGNATURA TOPOGRÁFICA DE LA BIBLIOTECA DEL CONGRESO
Número de clasificación SB191 M2
Número de documento/Ítem R7.7
100 1# - ASIENTO PRINCIPAL--NOMBRE PERSONAL
Nombre de persona Ruvalcaba Mercado, Jesús
245 10 - MENCIÓN DE TÍTULO
Título Vida cotidiana y consumo de maíz en la huasteca veracruzana /
Mención de responsabilidad, etc. Jesús Ruvalcaba Mercado.
260 ## - PUBLICACIÓN, DISTRIBUCIÓN, ETC.
Lugar de publicación, distribución, etc. México :
Nombre del editor, distribuidor, etc. CIESAS,
Fecha de publicación, distribución, etc. 1987.
300 ## - DESCRIPCIÓN FÍSICA
Extensión 92 p.
440 #0 - MENCIÓN DE SERIE/ASIENTO SECUNDARIO--TÍTULO
Título Cuadernos de la casa chata ;
Designación de volumen o secuencia 134
650 #4 - ASIENTO SECUNDARIO DE MATERIA - TERMINO TEMATICO
Término de materia o nombre geográfico como elemento de entrada AGRICULTURA -
Subdivisión geográfica VERACRUZ
9 (RLIN) 2200
650 #4 - ASIENTO SECUNDARIO DE MATERIA - TERMINO TEMATICO
Término de materia o nombre geográfico como elemento de entrada Maíz
Subdivisión general Cultivo
9 (RLIN) 5208
651 #4 - ASIENTO SECUNDARIO DE MATERIA - NOMBRE GEOGRAFICO
Nombre geográfico VERACRUZ -
Subdivisión general CONDICIONES SOCIALES
905 ## - TIPO DE MATERIAL
Tipo de material Libro
Holdings
Estado de retiro Estado de pérdida Fuente del sistema de clasificación o colocación Estado dañado No para préstamo Código de colección Localización permanente Ubicación/localización actual Ubicación en estantería Fecha de adquisición Enumeración/cronología de publicación seriada Clasificación Código de barras Fecha visto por última vez Número de copia Tipo de ítem Koha
    Library of Congress Classification   Coleccion SEP Colección SEP Bib. Gregorio Torres Quintero Bib. Gregorio Torres Quintero Colección SEP 09/05/2023 - SB191 M2 R7.7 105048 31/12/2020 1 Libro